| 000 | 00520nam a2200169Ia 4500 | ||
|---|---|---|---|
| 005 | 20250424120257.0 | ||
| 008 | 250424s9999 xx 000 0 und d | ||
| 022 | _a8884011244 | ||
| 050 | _aH 187.5 .N6 J683/ | ||
| 245 | 0 | _aJournal of finance and accounting research | |
| 260 | _aKeffi | ||
| 260 | _b Dept. of Accounting, Faculty of Administration, Nasarawa State University | ||
| 260 | _c2009 | ||
| 300 | _av. ; 25 cm. | ||
| 650 | _aFinance--Nigeria--Periodicals. Accounting--Nigeria--Periodicals. | ||
| 942 | _cSR | ||
| 999 |
_c38400 _d38400 |
||